000 00735nam a22002417a 4500
003 KOHA_MİRAKIL
005 20260424095233.0
008 260421b tu ||||| |||| 00| 0 tur d
020 _a9786057405227
040 _aTR-AnABB
_btur
_cTR-AnABB
041 _atur
082 _a711.409 561
_bTAN 2021
100 1 _aTanyeli, Uğur
245 1 0 _aAnadolu- Türk kentinde fiziksel yapını değişimi /
_cUğur Tanyeli
250 _a1. basım
260 _aAnkara :
_bİdealkent Yayınları,
_c2021,
300 _a408 sayfa ;
_c20 cm
490 0 _aİdealkent yayınları ;
_v44
650 0 4 _aŞehir planlama, Tarih, Türkiye
650 0 4 _aŞehir planlama
900 _bCan ÇELIK
942 _2ddc
_cBK
999 _c10303
_d10303